000
00332nam a22001457a 4500
003
OSt
005
20160727222350.0
008
160622b xxu||||| |||| 00| 0 eng d
040
_c
TEST
100
_9
382
_a
Rackham, A,
245
_a
Mother Goose
260
_a
LON
_b
Words Worth Editions Ltd.
300
_a
Mother Goose
942
_2
ddc
_c
BK
999
_c
310
_d
310